| 000 | 00789nam a2200217Ia 4500 | ||
|---|---|---|---|
| 008 | 130821s1998 ck gr spa | ||
| 020 | _a9589421970 | ||
| 040 |
_aCo-BoUCM _bspa |
||
| 041 | 0 | 0 | _aspa |
| 100 | 1 | _aDominguez Giraldo, Gerardo | |
| 245 | 1 | 0 |
_aIndicadores de gestión las tarjetas de resultado de eficiencia, eficacia, efectividad _cGerardo Domínguez Giraldo. |
| 260 |
_aMedellín (Antioquia, Colombia) _bBiblioteca Jurídica Dike _c1998 |
||
| 300 | _a141 páginas | ||
| 504 | _aIncluye bibliografía e índice | ||
| 650 | 0 | 4 |
_9435 _aAdministración de empresas |
| 650 | 0 | 4 |
_aEficacia _913916 |
| 650 | 0 | 4 |
_aIndicadores de gestión _917303 |
| 650 | 0 | 4 |
_aValor agregado _926073 |
| 942 |
_cLIBRO _a16 _e1 _mD65 _2DEWEY _h658.5 |
||
| 999 |
_c23574 _d23574 |
||